Trendy v podnikání 2014 recenzovaný sborník příspěvků mezinárodní vědecké konference : Plzeň, 13. - 14. listopadu 2014

Gespeichert in:
Bibliographische Detailangaben
Körperschaften: Trendy v podnikání 2014. Mezinárodní vědecká konference, Západočeská univerzita v Plzni. Fakulta ekonomická
Weitere Verfasser: Čechurová, Lenka, Jiřincová, Milena
Format: Buch
Sprache:Tschechisch
Englisch
Veröffentlicht: Plzeň Západočeská univerzita v Plzni 2014
Schlagworte:
Tags: Tag hinzufügen
Keine Tags, Fügen Sie das erste Tag hinzu!

MARC

LEADER 00000nlm a2200000 4500
001 0194806
005 20240509130923.4
020 |a 978-80-261-0444-5 
041 0 |a cze 
041 0 |a eng 
044 |a CZ 
245 1 0 |a Trendy v podnikání 2014  |b recenzovaný sborník příspěvků mezinárodní vědecké konference : Plzeň, 13. - 14. listopadu 2014  |c editoři sborníku: Lenka Čechurová, Milena Jiřincová 
264 1 |a Plzeň  |b Západočeská univerzita v Plzni  |c 2014 
300 |a CD-ROM [850 s.] 
610 2 0 |a podnikanie 
610 2 0 |a politika podnikania 
610 2 0 |a marketing 
610 2 0 |a riadenie podnikové 
610 2 0 |a metódy kvantitatívne 
610 2 0 |a plánovanie strategické 
610 2 0 |a školstvo 
610 2 0 |a školy vysoké 
700 1 |a Čechurová, Lenka 
700 1 |a Jiřincová, Milena 
110 2 |a Trendy v podnikání 2014. Mezinárodní vědecká konference 
710 2 |a Západočeská univerzita v Plzni. Fakulta ekonomická